| 000 | 00830cam a22002411 4500 | ||
|---|---|---|---|
| 001 | sa 63001713 | ||
| 003 | DLC | ||
| 005 | 20260227111929.0 | ||
| 008 | 910810s1962 ii 000 0 hin | ||
| 010 | _asa 63001713 | ||
| 035 | _a(OCoLC)24219917 | ||
| 040 |
_aDLC _cCU _dDLC |
||
| 042 | _apremarc | ||
| 050 | 0 | 0 |
_aLB775.G22 _bT7 |
| 100 | 1 | _aTripāṭhī, Śyāmasundaralāla. | |
| 245 | 1 | 0 |
_aBuniyādī śikshaṅa kī sāmānya evaṃ visésha paddhatiām̐. _cLekhaka Śyāma Sundara Lāla Tripāṭhī aura Suśīlā Bāī Tanakhīvāle. Parāmarśadātā Jī. Vaya. Tanakhīvāle. |
| 250 | _a[1. saṃskaraṇa] | ||
| 260 |
_aGvāliyara, _bKailāśa Pustaka Sadana _c[1962] |
||
| 300 |
_a 124 p. _c23 cm. |
||
| 500 | _aIn Hindi. | ||
| 650 | 0 | _aWardha scheme of education. | |
| 700 | 1 | _aTanakhīvāle, Śuśīlā Bāī. | |
| 999 |
_c54091 _d54091 |
||